[Event "St Jean op"]
[Site "St Jean sur Richelieu CAN"]
[Date "2004.06.26"]
[Round "2"]
[White "Tremblay, Rejean"]
[Black "Carrier, Claude"]
[Result "1-0"]
[WhiteElo "2270"]
[BlackElo "1917"]
[PlyCount "125"]
[GameId "2160767911145617"]
[EventDate "2004.06.??"]
[EventType "swiss"]
[EventRounds "5"]
[EventCountry "CAN"]
[SourceTitle "EXT 2006"]
[Source "ChessBase"]
[SourceDate "2005.11.24"]
[SourceVersion "1"]
[SourceVersionDate "2005.11.24"]
[SourceQuality "1"]

1. d4 Nf6 2. c4 g6 3. Nf3 Bg7 4. Nc3 d5 5. Bf4 c5 6. dxc5 Qa5 7. cxd5 Ne4 8. Rc1 Nxc5 9. Be5 Bxe5 10. Nxe5 O-O 11. Nc4 Qb4 12. e3 Bf5 13. Qd4 Nbd7 14. a3 Qb3 15. e4 e5 16. Nxe5 Nxe5 17. Qxc5 Rac8 18. Qb5 Qxb5 19. Bxb5 Bxe4 20. O-O Bd3 21. Rfe1 Bxb5 22. Rxe5 f6 23. Re7 Rf7 24. Rce1 Rxe7 25. Rxe7 Re8 26. Rxe8+ Bxe8 27. f4 Kf7 28. Kf2 Ke7 29. Ke3 f5 30. Kd4 Kd6 31. Nd1 Bf7 32. Ne3 b5 33. a4 a6 34. axb5 axb5 35. g4 fxg4 36. Nxg4 Bxd5 37. Nf6 Bc4 38. Nxh7 Ke6 39. Nf8+ Kf5 40. Ke3 g5 41. fxg5 Kxg5 42. Nd7 Kh4 43. Ne5 Be6 44. Ng6+ Kg5 45. Nf4 Bf7 46. Nd3 Kh4 47. Nf2 Be6 48. b4 Bd7 49. Kf4 Be6 50. Ne4 Bc4 51. Nd2 Bf7 52. Nf3+ Kh5 53. h4 Be8 54. Kg3 Bf7 55. Ne5 Be6 56. Nd3 Bd7 57. Nf4+ Kh6 58. Kf3 Bc6+ 59. Ke3 Bd7 60. Ke4 Be8 61. Kd5 Bd7 62. Kd6 Bf5 63. Kc6 1-0

[Event "St Jean op"]
[Site "St Jean sur Richelieu CAN"]
[Date "2004.06.26"]
[Round "2"]
[White "Valley, Claude"]
[Black "Lessard, Claude"]
[Result "0-1"]
[WhiteElo "1977"]
[BlackElo "2079"]
[PlyCount "74"]
[GameId "2160767911145618"]
[EventDate "2004.06.??"]
[EventType "swiss"]
[EventRounds "5"]
[EventCountry "CAN"]
[SourceTitle "EXT 2006"]
[Source "ChessBase"]
[SourceDate "2005.11.24"]
[SourceVersion "1"]
[SourceVersionDate "2005.11.24"]
[SourceQuality "1"]

1. c4 e5 2. Nc3 d6 3. Nf3 f5 4. d3 Nf6 5. g3 Be7 6. Bg2 O-O 7. O-O c6 8. Rb1 Na6 9. a3 Nc7 10. b4 Ne6 11. Bd2 Qe8 12. b5 c5 13. Nh4 Nd8 14. Nd5 Nxd5 15. Bxd5+ Kh8 16. Bg2 h6 17. Nf3 f4 18. a4 Rb8 19. Bc3 Bg4 20. Qc2 Ne6 21. h3 Bxf3 22. Bxf3 fxg3 23. fxg3 Qg6 24. Kh2 Bf6 25. e3 h5 26. Qe2 h4 27. g4 Ng5 28. Bg2 e4 29. d4 cxd4 30. exd4 Nf3+ 31. Bxf3 exf3 32. Qd2 Bg5 33. Qe1 Rbe8 34. Qd1 Re2+ 35. Kh1 Qe4 36. Rg1 f2+ 37. Rg2 Qxg2+ 0-1

[Event "St Jean op"]
[Site "St Jean sur Richelieu CAN"]
[Date "2004.06.26"]
[Round "3"]
[White "Audet-Bouchard, Nicolas"]
[Black "Beaudoin, Stephane"]
[Result "1-0"]
[WhiteElo "2084"]
[BlackElo "2125"]
[PlyCount "77"]
[GameId "2160767911145619"]
[EventDate "2004.06.??"]
[EventType "swiss"]
[EventRounds "5"]
[EventCountry "CAN"]
[SourceTitle "EXT 2006"]
[Source "ChessBase"]
[SourceDate "2005.11.24"]
[SourceVersion "1"]
[SourceVersionDate "2005.11.24"]
[SourceQuality "1"]

1. e4 d6 2. d4 Nf6 3. Nc3 g6 4. Be3 c6 5. Qd2 b5 6. Bd3 Nbd7 7. Nf3 Nb6 8. a4 b4 9. a5 bxc3 10. Qxc3 Nbd5 11. exd5 cxd5 12. Bg5 Bg7 13. Bxf6 Bxf6 14. Bb5+ Bd7 15. Bxd7+ Qxd7 16. O-O O-O 17. Qd2 Rab8 18. c3 Qb5 19. b4 Rfc8 20. Rfc1 Rc4 21. Qe3 Rbc8 22. Nd2 Bxd4 23. Qe2 Rxc3 24. Qxb5 Rxc1+ 25. Rxc1 Rxc1+ 26. Nf1 Rc2 27. Qxd5 e5 28. Qxd6 Bxf2+ 29. Kh1 Bd4 30. h3 Rc1 31. Qa6 e4 32. Qe2 Kg7 33. Kh2 f5 34. b5 Be5+ 35. g3 Rb1 36. b6 axb6 37. a6 Bd4 38. Qc4 Bc5 39. Qd5 1-0

[Event "St Jean op"]
[Site "St Jean sur Richelieu CAN"]
[Date "2004.06.26"]
[Round "3"]
[White "Bisson, Real"]
[Black "Gago, Nelson"]
[Result "1/2-1/2"]
[WhiteElo "1689"]
[BlackElo "1833"]
[PlyCount "85"]
[GameId "2160767911145620"]
[EventDate "2004.06.??"]
[EventType "swiss"]
[EventRounds "5"]
[EventCountry "CAN"]
[SourceTitle "EXT 2006"]
[Source "ChessBase"]
[SourceDate "2005.11.24"]
[SourceVersion "1"]
[SourceVersionDate "2005.11.24"]
[SourceQuality "1"]

1. e4 c6 2. d4 d5 3. Nc3 dxe4 4. Nxe4 Bf5 5. Ng3 Bg6 6. h4 h6 7. h5 Bh7 8. Nf3 Nf6 9. c4 e6 10. Bd2 Bd6 11. Ne5 Qc7 12. Bc3 Nbd7 13. Nxd7 Nxd7 14. Qf3 Nf6 15. Bd3 Bxd3 16. Qxd3 Bxg3 17. fxg3 Ng4 18. Qf3 f5 19. O-O-O Nf6 20. Bd2 Ne4 21. Bf4 Qa5 22. a3 Qa4 23. Qe2 b5 24. c5 Qb3 25. Rhe1 a5 26. Rd3 Qc4+ 27. Qc2 Qd5 28. g4 O-O 29. gxf5 exf5 30. Be5 b4 31. Qb3 Qxb3 32. Rxb3 Rfe8 33. Kc2 bxa3 34. Rxa3 Nf6 35. Rf1 Nxh5 36. Rxf5 g6 37. Rf2 Ra7 38. g4 Ng7 39. Raf3 Rae7 40. Rf6 Re6 41. Rf7 R6e7 42. R7f6 Re6 43. Rf7 1/2-1/2

[Event "St Jean op"]
[Site "St Jean sur Richelieu CAN"]
[Date "2004.06.26"]
[Round "3"]
[White "Carrier, Claude"]
[Black "Caron, Sebastien"]
[Result "1/2-1/2"]
[WhiteElo "1917"]
[BlackElo "1902"]
[PlyCount "43"]
[GameId "2160767911145621"]
[EventDate "2004.06.??"]
[EventType "swiss"]
[EventRounds "5"]
[EventCountry "CAN"]
[SourceTitle "EXT 2006"]
[Source "ChessBase"]
[SourceDate "2005.11.24"]
[SourceVersion "1"]
[SourceVersionDate "2005.11.24"]
[SourceQuality "1"]

1. e4 c5 2. Nf3 d6 3. d4 cxd4 4. Nxd4 Nf6 5. Nc3 g6 6. Be3 Bg7 7. Bc4 O-O 8. f3 Nc6 9. Qd2 Nd7 10. f4 a6 11. O-O-O Nxd4 12. Bxd4 Bxd4 13. Qxd4 b5 14. Bd5 Rb8 15. h4 Qb6 16. h5 Qxd4 17. Rxd4 Nf6 18. hxg6 hxg6 19. a3 e5 20. fxe5 dxe5 21. Rd2 Kg7 22. Rf1 1/2-1/2

[Event "St Jean op"]
[Site "St Jean sur Richelieu CAN"]
[Date "2004.06.26"]
[Round "3"]
[White "Deschambault, Alexandre"]
[Black "Duplessis, Jean-Roch"]
[Result "1/2-1/2"]
[WhiteElo "1682"]
[BlackElo "1780"]
[PlyCount "80"]
[GameId "2160767911145622"]
[EventDate "2004.06.??"]
[EventType "swiss"]
[EventRounds "5"]
[EventCountry "CAN"]
[SourceTitle "EXT 2006"]
[Source "ChessBase"]
[SourceDate "2005.11.24"]
[SourceVersion "1"]
[SourceVersionDate "2005.11.24"]
[SourceQuality "1"]

1. e4 c5 2. f4 Nc6 3. Nf3 d6 4. Bc4 e6 5. Nc3 Nf6 6. d3 g6 7. O-O Bg7 8. h3 O-O 9. g4 Na5 10. Bb3 a6 11. Ne2 Nxb3 12. axb3 b5 13. Ng3 Qc7 14. Qe2 Nd7 15. c3 Bb7 16. Bd2 Rfe8 17. Rae1 a5 18. h4 f5 19. g5 b4 20. Rf2 e5 21. c4 exf4 22. Bxf4 Ne5 23. Kg2 Nxf3 24. Qxf3 Be5 25. Kf1 Qg7 26. Qe2 Bxf4 27. Rxf4 Qe5 28. Qd2 fxe4 29. Nxe4 Bxe4 30. Rfxe4 Qf5+ 31. Kg2 Rxe4 32. Rxe4 Rf8 33. Qe2 d5 34. Re8 dxc4 35. Rxf8+ Kxf8 36. dxc4 Kf7 37. Qf3 Qxf3+ 38. Kxf3 Ke6 39. Ke4 Kd6 40. Kf4 Ke6 1/2-1/2

[Event "St Jean op"]
[Site "St Jean sur Richelieu CAN"]
[Date "2004.06.26"]
[Round "3"]
[White "Dupont, Gaetan"]
[Black "Turcotte, Roger"]
[Result "0-1"]
[WhiteElo "994"]
[BlackElo "1232"]
[PlyCount "113"]
[GameId "2160767911145623"]
[EventDate "2004.06.??"]
[EventType "swiss"]
[EventRounds "5"]
[EventCountry "CAN"]
[SourceTitle "EXT 2006"]
[Source "ChessBase"]
[SourceDate "2005.11.24"]
[SourceVersion "1"]
[SourceVersionDate "2005.11.24"]
[SourceQuality "1"]

1. c4 Nc6 2. Nc3 e5 3. g3 Nf6 4. Bg2 Be7 5. e3 O-O 6. Nge2 d6 7. O-O Bg4 8. d3 Qd7 9. Qd2 Bh3 10. a3 Bxg2 11. Kxg2 d5 12. cxd5 Nxd5 13. e4 Nxc3 14. bxc3 Rad8 15. Rd1 b6 16. Qc2 Bc5 17. h3 f5 18. Bg5 Rde8 19. Bc1 fxe4 20. Be3 Bxe3 21. fxe3 exd3 22. Rxd3 Qf5 23. Ng1 Rd8 24. Qa2+ Kh8 25. Rxd8 Nxd8 26. Qe2 a5 27. e4 Qe6 28. c4 c5 29. a4 Nc6 30. Rb1 Nd4 31. Qd3 Qc6 32. Ra1 h5 33. h4 Qf6 34. Ra2 g5 35. hxg5 Qxg5 36. Rf2 Rg8 37. Ne2 Nxe2 38. Rxe2 h4 39. Re3 Qxg3+ 40. Rxg3 Rxg3+ 41. Qxg3 hxg3 42. Kxg3 Kg7 43. Kg4 Kf6 44. Kh5 Ke6 45. Kg5 Kd6 46. Kf6 b5 47. axb5 a4 48. b6 Kc6 49. Kxe5 a3 50. b7 Kxb7 51. Kd6 Kb6 52. e5 a2 53. e6 a1=Q 54. e7 Qd4+ 55. Ke6 Qxc4+ 56. Kf6 Qh4+ 57. Ke6 0-1

[Event "St Jean op"]
[Site "St Jean sur Richelieu CAN"]
[Date "2004.06.26"]
[Round "3"]
[White "Fortier, Marc-Andre"]
[Black "Larochelle, Martial"]
[Result "0-1"]
[WhiteElo "2161"]
[BlackElo "2159"]
[PlyCount "78"]
[GameId "2160767911145624"]
[EventDate "2004.06.??"]
[EventType "swiss"]
[EventRounds "5"]
[EventCountry "CAN"]
[SourceTitle "EXT 2006"]
[Source "ChessBase"]
[SourceDate "2005.11.24"]
[SourceVersion "1"]
[SourceVersionDate "2005.11.24"]
[SourceQuality "1"]

1. e4 c5 2. Nc3 Nc6 3. g3 g6 4. Bg2 Bg7 5. d3 d6 6. f4 e6 7. Nf3 Nge7 8. O-O O-O 9. Be3 b6 10. d4 Ba6 11. Re1 Qc7 12. a4 Rad8 13. Nb5 Bxb5 14. axb5 Nxd4 15. Nxd4 cxd4 16. Bxd4 e5 17. Bc3 exf4 18. Bxg7 Kxg7 19. Qd4+ Kg8 20. gxf4 d5 21. exd5 Nf5 22. Qd3 Qxf4 23. Rxa7 Rfe8 24. Rf1 Qg4 25. Rxf5 gxf5 26. Qg3 Re2 27. Rc7 Ra8 28. Qxg4+ fxg4 29. d6 Ra1+ 30. Bf1 Rd2 31. d7 Kg7 32. d8=Q Rxd8 33. Kf2 Rd2+ 34. Ke3 Rxh2 35. Bc4 Re1+ 36. Kf4 Rf2+ 37. Kg3 Rf3+ 38. Kxg4 Rf6 39. Rc6 Rxc6 0-1

[Event "St Jean op"]
[Site "St Jean sur Richelieu CAN"]
[Date "2004.06.26"]
[Round "3"]
[White "Gilbert, Erick"]
[Black "Angers, Gilles"]
[Result "0-1"]
[WhiteElo "1978"]
[BlackElo "1966"]
[PlyCount "90"]
[GameId "2160767911145625"]
[EventDate "2004.06.??"]
[EventType "swiss"]
[EventRounds "5"]
[EventCountry "CAN"]
[SourceTitle "EXT 2006"]
[Source "ChessBase"]
[SourceDate "2005.11.24"]
[SourceVersion "1"]
[SourceVersionDate "2005.11.24"]
[SourceQuality "1"]

1. Nf3 Nf6 2. g3 g6 3. Bg2 Bg7 4. O-O O-O 5. d3 d6 6. e4 e5 7. Nbd2 Nc6 8. c3 Ne8 9. Nc4 f5 10. exf5 gxf5 11. Ng5 d5 12. Na3 h6 13. Nf3 Nf6 14. Nc2 e4 15. Nfd4 Ne5 16. dxe4 fxe4 17. Ne1 c5 18. f4 Nc6 19. Nxc6 bxc6 20. Be3 Qe7 21. h3 Ba6 22. Rf2 d4 23. cxd4 Nd5 24. Qd2 Nxe3 25. Qxe3 Bxd4 26. Qxe4 Qxe4 27. Bxe4 Rae8 28. Bd3 Rxe1+ 29. Rxe1 Bxd3 30. Kg2 Bxf2 31. Kxf2 Kf7 32. Re5 c4 33. Ra5 Ra8 34. Rc5 Rc8 35. g4 Kg7 36. h4 Rb8 37. Rxc6 Rxb2+ 38. Ke3 Re2+ 39. Kd4 Re4+ 40. Kc3 Rxf4 41. a4 Rxg4 42. Rc7+ Kg6 43. Rxa7 Rxh4 44. a5 Bf1 45. a6 Rh3+ 0-1

[Event "St Jean op"]
[Site "St Jean sur Richelieu CAN"]
[Date "2004.06.26"]
[Round "3"]
[White "Lanzilotta Mernies, Marcelo"]
[Black "Samson, Gaetan"]
[Result "0-1"]
[WhiteElo "1845"]
[BlackElo "1824"]
[PlyCount "90"]
[GameId "2160767911145626"]
[EventDate "2004.06.??"]
[EventType "swiss"]
[EventRounds "5"]
[EventCountry "CAN"]
[SourceTitle "EXT 2006"]
[Source "ChessBase"]
[SourceDate "2005.11.24"]
[SourceVersion "1"]
[SourceVersionDate "2005.11.24"]
[SourceQuality "1"]

1. e4 c5 2. c3 e5 3. Nf3 Nc6 4. d4 cxd4 5. cxd4 d6 6. dxe5 Nxe5 7. Nxe5 dxe5 8. Qxd8+ Kxd8 9. Nc3 Be6 10. Be3 Bb4 11. O-O-O+ Ke7 12. Nd5+ Bxd5 13. Rxd5 Bd6 14. f3 Nf6 15. Rb5 Rhc8+ 16. Kb1 Rc7 17. Bd3 a6 18. Ra5 Nd7 19. a3 Rac8 20. Rd5 f6 21. Rd1 Nc5 22. Bc2 Rd7 23. b4 Ne6 24. Ba4 b5 25. Bb3 Rc3 26. R1d3 Rxd3 27. Rxd3 Rc7 28. g3 g6 29. Kb2 f5 30. Bd5 Rd7 31. Kb3 Bc7 32. Rc3 Bd8 33. Rc8 f4 34. gxf4 exf4 35. Bf2 g5 36. h4 h6 37. hxg5 hxg5 38. Bc5+ Nxc5+ 39. bxc5 g4 40. fxg4 f3 41. Rc6 f2 42. Rg6 Rxd5 43. exd5 f1=Q 44. Rxa6 Qc4+ 45. Kb2 Qxd5 0-1

[Event "St Jean op"]
[Site "St Jean sur Richelieu CAN"]
[Date "2004.06.26"]
[Round "3"]
[White "Leclair, Hugues"]
[Black "Sauve, Richard"]
[Result "0-1"]
[WhiteElo "1852"]
[BlackElo "2029"]
[PlyCount "82"]
[GameId "2160767911145627"]
[EventDate "2004.06.??"]
[EventType "swiss"]
[EventRounds "5"]
[EventCountry "CAN"]
[SourceTitle "EXT 2006"]
[Source "ChessBase"]
[SourceDate "2005.11.24"]
[SourceVersion "1"]
[SourceVersionDate "2005.11.24"]
[SourceQuality "1"]

1. d4 e6 2. c4 Nf6 3. Nf3 Bb4+ 4. Bd2 c5 5. e3 O-O 6. Bd3 Nc6 7. O-O d6 8. a3 Bxd2 9. Qxd2 e5 10. Nc3 Bg4 11. d5 Bxf3 12. gxf3 Ne7 13. Kh1 Ne8 14. Rg1 f5 15. Rg2 Ng6 16. Rag1 Rc8 17. Qc2 Nh4 18. Rg3 Kh8 19. Qd1 g6 20. f4 exf4 21. exf4 Ng7 22. Be2 Re8 23. Qf1 Qf6 24. Qh3 Kg8 25. Bd1 Re7 26. Re3 a6 27. Ne4 Qf8 28. Nxd6 Rxe3 29. fxe3 Qxd6 30. Qxh4 b5 31. b3 bxc4 32. bxc4 Rb8 33. Qf2 Qf6 34. Rg2 Ne8 35. Qa2 Nd6 36. Bf3 Qc3 37. Re2 Qc1+ 38. Kg2 Rb1 39. Rc2 Qg1+ 40. Kh3 Qxe3 41. Qxb1 Qxf3+ 0-1

[Event "St Jean op"]
[Site "St Jean sur Richelieu CAN"]
[Date "2004.06.26"]
[Round "3"]
[White "Liard, Serge"]
[Black "Caire, Francois"]
[Result "1/2-1/2"]
[WhiteElo "2125"]
[BlackElo "2097"]
[PlyCount "64"]
[GameId "2160767911145628"]
[EventDate "2004.06.??"]
[EventType "swiss"]
[EventRounds "5"]
[EventCountry "CAN"]
[SourceTitle "EXT 2006"]
[Source "ChessBase"]
[SourceDate "2005.11.24"]
[SourceVersion "1"]
[SourceVersionDate "2005.11.24"]
[SourceQuality "1"]

1. e4 c5 2. Nf3 Nc6 3. c4 e5 4. Nc3 d6 5. h3 g6 6. g3 Bg7 7. Bg2 Nge7 8. O-O O-O 9. Kh2 h6 10. d3 f5 11. exf5 Bxf5 12. Nh4 Be6 13. Be4 Rf6 14. Nd5 Bxd5 15. cxd5 Nd4 16. Be3 Nef5 17. Nxg6 Rxg6 18. Bxd4 cxd4 19. Bxf5 Rf6 20. g4 Kh8 21. Rc1 h5 22. Kg2 Bh6 23. f4 Bxf4 24. Rc4 Rh6 25. Qc2 hxg4 26. Bxg4 Rh7 27. Rc8 Rxc8 28. Qxc8 Qxc8 29. Bxc8 Rc7 30. Bg4 Rc2+ 31. Rf2 Rxf2+ 32. Kxf2 Kg7 1/2-1/2

[Event "St Jean op"]
[Site "St Jean sur Richelieu CAN"]
[Date "2004.06.26"]
[Round "3"]
[White "Moskvitch, Andrei"]
[Black "Masse, Hugues"]
[Result "0-1"]
[WhiteElo "2138"]
[BlackElo "2249"]
[PlyCount "56"]
[GameId "2160767911145629"]
[EventDate "2004.06.??"]
[EventType "swiss"]
[EventRounds "5"]
[EventCountry "CAN"]
[SourceTitle "EXT 2006"]
[Source "ChessBase"]
[SourceDate "2005.11.24"]
[SourceVersion "1"]
[SourceVersionDate "2005.11.24"]
[SourceQuality "1"]

1. e4 e5 2. Nf3 Nc6 3. Bb5 a6 4. Ba4 Nf6 5. O-O b5 6. Bb3 Bb7 7. d4 Nxd4 8. Bxf7+ Kxf7 9. Nxe5+ Kg8 10. Qxd4 c5 11. Qd1 Qe8 12. Nf3 Qxe4 13. Nc3 Qg4 14. Bg5 Ne4 15. h3 Qf5 16. Nxe4 Bxe4 17. Re1 d5 18. Nh4 Qxg5 19. Rxe4 dxe4 20. Qd7 Qe5 21. Rd1 Re8 22. f4 Qe6 23. Qb7 e3 24. f5 e2 25. Re1 Qe4 26. Qxa6 Qxh4 27. Qxb5 Qxe1+ 28. Kh2 Bd6+ 0-1

[Event "St Jean op"]
[Site "St Jean sur Richelieu CAN"]
[Date "2004.06.26"]
[Round "3"]
[White "Rivest, Jean-Michel"]
[Black "Pepin, Christian"]
[Result "0-1"]
[WhiteElo "1812"]
[BlackElo "2175"]
[PlyCount "88"]
[GameId "2160767911145630"]
[EventDate "2004.06.??"]
[EventType "swiss"]
[EventRounds "5"]
[EventCountry "CAN"]
[SourceTitle "EXT 2006"]
[Source "ChessBase"]
[SourceDate "2005.11.24"]
[SourceVersion "1"]
[SourceVersionDate "2005.11.24"]
[SourceQuality "1"]

1. e4 c6 2. d4 d5 3. Nc3 dxe4 4. Nxe4 Nd7 5. Nf3 Ngf6 6. Ng3 Qc7 7. Bd3 e6 8. O-O c5 9. Qe2 g6 10. dxc5 Nxc5 11. Bb5+ Bd7 12. b4 Bxb5 13. Qxb5+ Ncd7 14. Bb2 Bg7 15. Rac1 O-O 16. c4 Bh6 17. Rc3 a6 18. Qa4 a5 19. b5 Bg7 20. Rcc1 Rfc8 21. Rfd1 Nb6 22. Qb3 a4 23. Qe3 Nfd7 24. Bxg7 Kxg7 25. Qd4+ Kg8 26. Qh4 Nf8 27. Ne4 Nd5 28. g3 Ne7 29. Nf6+ Kg7 30. Qd4 e5 31. Nxe5 Nf5 32. Qc3 Kxf6 33. Nc6+ Kg5 34. Qd2+ Kh5 35. g4+ Kxg4 36. Kh1 Ne6 37. Rg1+ Kh5 38. Rc3 g5 39. Rh3+ Kg6 40. Qd1 bxc6 41. Qh5+ Kf6 42. Qg4 cxb5 43. Rf3 Qe5 44. h4 Rxc4 0-1

[Event "St Jean op"]
[Site "St Jean sur Richelieu CAN"]
[Date "2004.06.26"]
[Round "3"]
[White "Rousseau, Daniel"]
[Black "Anastasovski, Nikola"]
[Result "1-0"]
[WhiteElo "2198"]
[BlackElo "2117"]
[PlyCount "58"]
[GameId "2160767911145631"]
[EventDate "2004.06.??"]
[EventType "swiss"]
[EventRounds "5"]
[EventCountry "CAN"]
[SourceTitle "EXT 2006"]
[Source "ChessBase"]
[SourceDate "2005.11.24"]
[SourceVersion "1"]
[SourceVersionDate "2005.11.24"]
[SourceQuality "1"]

1. e4 e5 2. Nf3 Nc6 3. Bb5 f5 4. Nc3 Nf6 5. d3 Bb4 6. O-O Bxc3 7. bxc3 fxe4 8. dxe4 d6 9. h3 Bd7 10. Re1 O-O 11. Rb1 b6 12. Bg5 Qe8 13. Bc4+ Kh8 14. Nh4 Ne7 15. f4 Bc6 16. Bxf6 Rxf6 17. f5 Rd8 18. Qe2 d5 19. exd5 Bxd5 20. Bxd5 Rxd5 21. c4 Rc5 22. Rb5 Rfc6 23. Nf3 Ng8 24. Nxe5 Rxe5 25. Rxe5 Qf7 26. Re8 Qxf5 27. Rxg8+ Kxg8 28. Qe8+ Qf8 29. Qxc6 Qb4 1-0

[Event "St Jean op"]
[Site "St Jean sur Richelieu CAN"]
[Date "2004.06.26"]
[Round "3"]
[White "Schleifer, Michael"]
[Black "Godbout, Mathieu"]
[Result "1-0"]
[WhiteElo "2325"]
[BlackElo "1808"]
[PlyCount "67"]
[GameId "2160767911145633"]
[EventDate "2004.06.??"]
[EventType "swiss"]
[EventRounds "5"]
[EventCountry "CAN"]
[SourceTitle "EXT 2006"]
[Source "ChessBase"]
[SourceDate "2005.11.24"]
[SourceVersion "1"]
[SourceVersionDate "2005.11.24"]
[SourceQuality "1"]

1. d4 d5 2. c4 c6 3. e3 Nf6 4. Nf3 g6 5. cxd5 cxd5 6. Ne5 Bg7 7. Bb5+ Nbd7 8. Nc3 O-O 9. O-O Qc7 10. Bxd7 Bxd7 11. Qb3 e6 12. Bd2 Rac8 13. Rfc1 Qb8 14. a4 Rfd8 15. Be1 Be8 16. a5 Nd7 17. Nd3 a6 18. Na4 Bf8 19. Bb4 Rxc1+ 20. Rxc1 Bxb4 21. Qxb4 Rc8 22. Rc3 Rc7 23. h3 Qc8 24. Rxc7 Qxc7 25. Qe7 Qc8 26. Nb6 Nxb6 27. axb6 Qd7 28. Qc5 a5 29. Ne5 Qd8 30. Qxa5 f6 31. Nd3 Bc6 32. Nc5 Kf7 33. b4 Qe8 34. b5 1-0

[Event "St Jean op"]
[Site "St Jean sur Richelieu CAN"]
[Date "2004.06.26"]
[Round "3"]
[White "Valley, Michel"]
[Black "Champetier, Serge"]
[Result "0-1"]
[WhiteElo "1874"]
[BlackElo "1985"]
[PlyCount "91"]
[GameId "2160767911145634"]
[EventDate "2004.06.??"]
[EventType "swiss"]
[EventRounds "5"]
[EventCountry "CAN"]
[SourceTitle "EXT 2006"]
[Source "ChessBase"]
[SourceDate "2005.11.24"]
[SourceVersion "1"]
[SourceVersionDate "2005.11.24"]
[SourceQuality "1"]

1. c4 e5 2. Nc3 Bb4 3. Nf3 Nc6 4. d3 d6 5. g3 f5 6. Bg2 Nf6 7. O-O Bxc3 8. bxc3 O-O 9. Rb1 Qe8 10. d4 e4 11. Nd2 e3 12. Nb3 exf2+ 13. Rxf2 Ng4 14. Rf3 Bd7 15. c5 d5 16. Bf4 Rc8 17. Nc1 Na5 18. h3 Nf6 19. Nd3 Ne4 20. Qe1 g5 21. Be5 b6 22. Nb4 c6 23. cxb6 axb6 24. Nd3 Nc4 25. Rb4 c5 26. Rxc4 dxc4 27. Nf2 Bc6 28. Nxe4 Bxe4 29. Rf2 Bxg2 30. Kxg2 Ra8 31. Qb1 Qe6 32. e3 h6 33. Rb2 Ra6 34. a4 cxd4 35. exd4 Rfa8 36. a5 Rxa5 37. Rxb6 Qd5+ 38. Kf2 Ra2+ 39. Ke3 f4+ 40. gxf4 gxf4+ 41. Bxf4 Re8+ 42. Be5 Rxe5+ 43. dxe5 Qxe5+ 44. Kf3 Qd5+ 45. Ke3 Qc5+ 46. Ke4 0-1

[Event "St Jean op"]
[Site "St Jean sur Richelieu CAN"]
[Date "2004.06.26"]
[Round "3.32"]
[White "Amesse, Louis-Philippe"]
[Black "Michaud, Jacques"]
[Result "1/2-1/2"]
[WhiteElo "1668"]
[BlackElo "1522"]
[PlyCount "72"]
[GameId "2160767911145635"]
[EventDate "2004.06.??"]
[EventType "swiss"]
[EventRounds "5"]
[EventCountry "CAN"]
[SourceTitle "EXT 2006"]
[Source "ChessBase"]
[SourceDate "2005.11.24"]
[SourceVersion "1"]
[SourceVersionDate "2005.11.24"]
[SourceQuality "1"]

1. e4 e6 2. d4 d5 3. Nc3 Nf6 4. Bg5 Be7 5. e5 Ne4 6. Bxe7 Qxe7 7. Bd3 Nxc3 8. bxc3 c5 9. f4 Nc6 10. Nf3 Bd7 11. Rb1 c4 12. Be2 Qa3 13. Qd2 Qxa2 14. O-O Qa6 15. Nh4 b6 16. f5 exf5 17. Nxf5 Bxf5 18. Rxf5 Qc8 19. Rbf1 O-O 20. Qf4 Nd8 21. Bg4 Qc6 22. Rf6 Qe8 23. Rd6 Ne6 24. Qf3 Nc7 25. Bd7 Qe7 26. Bf5 Rad8 27. Qh3 g6 28. Bd7 Ne6 29. Bxe6 Rxd6 30. Bxf7+ Rxf7 31. Rxf7 Kxf7 32. Qxh7+ Ke8 33. Qxe7+ Kxe7 34. exd6+ Kxd6 35. Kf2 a5 36. Ke1 Ke6 1/2-1/2

[Event "St Jean op"]
[Site "St Jean sur Richelieu CAN"]
[Date "2004.06.27"]
[Round "4"]
[White "Angers, Gilles"]
[Black "Anastasovski, Nikola"]
[Result "0-1"]
[WhiteElo "1966"]
[BlackElo "2117"]
[PlyCount "61"]
[GameId "2160767911145636"]
[EventDate "2004.06.??"]
[EventType "swiss"]
[EventRounds "5"]
[EventCountry "CAN"]
[SourceTitle "EXT 2006"]
[Source "ChessBase"]
[SourceDate "2005.11.24"]
[SourceVersion "1"]
[SourceVersionDate "2005.11.24"]
[SourceQuality "1"]

1. e4 e5 2. Nf3 Nc6 3. Bb5 f5 4. d4 fxe4 5. Nxe5 Nf6 6. Bg5 Qe7 7. Bxc6 dxc6 8. Nc3 Bf5 9. g4 Be6 10. Nxe4 Bd5 11. f3 Bxe4 12. fxe4 Qb4+ 13. c3 Qxb2 14. O-O Qxc3 15. Rc1 Qa3 16. Rf3 Qxa2 17. Bxf6 gxf6 18. Rxf6 Bg7 19. Ra1 Qg8 20. Rf5 Bxe5 21. Rxe5+ Kd7 22. g5 h5 23. Qf3 Kc8 24. Qf5+ Kb8 25. Re6 a6 26. Rxc6 Qb3 27. Rf6 Qe3+ 28. Kh1 Qxd4 29. Rf1 Ka7 30. Rf7 Rhe8 31. g6 0-1

[Event "St Jean op"]
[Site "St Jean sur Richelieu CAN"]
[Date "2004.06.27"]
[Round "4"]
[White "Arsenault, Daniel"]
[Black "Archambault, Serge"]
[Result "1-0"]
[WhiteElo "1699"]
[BlackElo "1695"]
[PlyCount "51"]
[GameId "2160767911145637"]
[EventDate "2004.06.??"]
[EventType "swiss"]
[EventRounds "5"]
[EventCountry "CAN"]
[SourceTitle "EXT 2006"]
[Source "ChessBase"]
[SourceDate "2005.11.24"]
[SourceVersion "1"]
[SourceVersionDate "2005.11.24"]
[SourceQuality "1"]

1. c3 g6 2. d4 Bg7 3. Nf3 d6 4. Bf4 f5 5. e3 Nc6 6. b4 e5 7. Bg5 Bf6 8. Bxf6 Qxf6 9. Bb5 Bd7 10. d5 Nb8 11. a4 Ne7 12. Na3 e4 13. Nd4 Nxd5 14. Bxd7+ Kxd7 15. Qb3 Ne7 16. b5 a6 17. O-O b6 18. a5 d5 19. c4 c5 20. bxc6+ Nbxc6 21. Nxc6 Qxc6 22. cxd5 Qd6 23. Nc4 Qf6 24. Nxb6+ Kc7 25. Rac1+ Kd8 26. Nxa8 1-0

[Event "St Jean op"]
[Site "St Jean sur Richelieu CAN"]
[Date "2004.06.27"]
[Round "4"]
[White "Berube, Antoine"]
[Black "Audet-Bouchard, Nicolas"]
[Result "1/2-1/2"]
[WhiteElo "2011"]
[BlackElo "2084"]
[PlyCount "59"]
[GameId "2160767911145638"]
[EventDate "2004.06.??"]
[EventType "swiss"]
[EventRounds "5"]
[EventCountry "CAN"]
[SourceTitle "EXT 2006"]
[Source "ChessBase"]
[SourceDate "2005.11.24"]
[SourceVersion "1"]
[SourceVersionDate "2005.11.24"]
[SourceQuality "1"]

1. d4 Nf6 2. c4 e6 3. Nc3 Bb4 4. e3 O-O 5. Bd3 d5 6. Nf3 c5 7. O-O Nc6 8. a3 Bxc3 9. bxc3 dxc4 10. Bxc4 Qc7 11. Bd3 e5 12. Qc2 Re8 13. Nxe5 Nxe5 14. dxe5 Qxe5 15. f3 Bd7 16. a4 Rac8 17. e4 c4 18. Be2 Nd5 19. exd5 Qxe2 20. Qxe2 Rxe2 21. Bf4 Rc5 22. d6 Ra5 23. Rfe1 Rxa4 24. Rab1 Rxe1+ 25. Rxe1 Kf8 26. Re7 Bc6 27. Rc7 Ke8 28. Re7+ Kf8 29. Rc7 Ke8 30. Re7+ 1/2-1/2